000
00313nam a2200157Ia 4500
100
_a
Schneier/Brucec
250
_a
2
942
_c
BK
654
_a
cryptography
245
_a
Applied cryptography
260
_b
John Wiley
_c
2001
082
_a
5.82
_b
SCH
300
_a
757
546
_a
ENGLISH
999
_c
22722
_d
22722